Experience with large fiscal adjustments / (Record no. 129169)
[ view plain ]
| 000 -LEADER | |
|---|---|
| fixed length control field | 01519cam a2200301 a 4500 |
| 001 - CONTROL NUMBER | |
| control field | 14588679 |
| 003 - CONTROL NUMBER IDENTIFIER | |
| control field | ARRUPE |
| 005 - DATE AND TIME OF LATEST TRANSACTION | |
| control field | 20190307120423.0 |
| 008 - FIXED-LENGTH DATA ELEMENTS--GENERAL INFORMATION | |
| fixed length control field | 061010s2006 dcua b i000 0 eng d |
| 010 ## - LIBRARY OF CONGRESS CONTROL NUMBER | |
| LC control number | 2006299183 |
| 020 ## - INTERNATIONAL STANDARD BOOK NUMBER | |
| International Standard Book Number | 1589064585 |
| 035 ## - SYSTEM CONTROL NUMBER | |
| System control number | (OCoLC)ocm70245132 |
| 040 ## - CATALOGING SOURCE | |
| Original cataloging agency | DBI |
| Transcribing agency | DBI |
| Modifying agency | VP@ |
| -- | UAB |
| -- | BAKER |
| -- | YDX |
| -- | DLC |
| 042 ## - AUTHENTICATION CODE | |
| Authentication code | lccopycat |
| 050 00 - LIBRARY OF CONGRESS CALL NUMBER | |
| Classification number | HJ192.5 |
| Item number | .E96 2006 |
| 300 ## - PHYSICAL DESCRIPTION | |
| Other physical details | col. ill. ; |
| Dimensions | 28 cm. |
| 100 ## - MAIN ENTRY--PERSONAL NAME | |
| Personal name | Tsibouris, George C. |
| 9 (RLIN) | 45130 |
| 245 00 - TITLE STATEMENT | |
| Title | Experience with large fiscal adjustments / |
| Statement of responsibility, etc | George C. Tsibouris ... [et. al.]. |
| 260 ## - PUBLICATION, DISTRIBUTION, ETC. (IMPRINT) | |
| Place of publication, distribution, etc | Washington, DC : |
| Name of publisher, distributor, etc | International Monetary Fund, |
| Date of publication, distribution, etc | 2006 |
| 300 ## - PHYSICAL DESCRIPTION | |
| Extent | v, 46 p. : |
| 490 1# - SERIES STATEMENT | |
| Series statement | Occasional paper ; |
| Volume number/sequential designation | 246 |
| 504 ## - BIBLIOGRAPHY, ETC. NOTE | |
| Bibliography, etc | Includes bibliographical references (p. 44). |
| 520 ## - SUMMARY, ETC. | |
| Summary, etc | "This Occasional Paper analyzes the experience of countries that have implemented very sizable fiscal adjustments over the past three decades. It aims to identify key conditions and institutional approaches that have contributed to sustained outcomes and to favorable macroeconomic developments. In this way, the paper may provide operational guidance to policymakers" -- pref. |
| 650 #0 - SUBJECT ADDED ENTRY--TOPICAL TERM | |
| Topical term or geographic name as entry element | Fiscal policy. |
| 9 (RLIN) | 45127 |
| 650 #0 - SUBJECT ADDED ENTRY--TOPICAL TERM | |
| Topical term or geographic name as entry element | Structural adjustment (Economic policy) |
| 9 (RLIN) | 25211 |
| 650 #0 - SUBJECT ADDED ENTRY--TOPICAL TERM | |
| Topical term or geographic name as entry element | Fiscal policy |
| General subdivision | Case studies |
| 9 (RLIN) | 45131 |
| 650 #0 - SUBJECT ADDED ENTRY--TOPICAL TERM | |
| Topical term or geographic name as entry element | Fiscal policy |
| General subdivision | Developing countries |
| 9 (RLIN) | 45132 |
| 650 #0 - SUBJECT ADDED ENTRY--TOPICAL TERM | |
| Topical term or geographic name as entry element | International monetary fund |
| 9 (RLIN) | 45117 |
| 700 1# - ADDED ENTRY--PERSONAL NAME | |
| Personal name | Tsibouris, George C. |
| 9 (RLIN) | 45130 |
| 710 2# - ADDED ENTRY--CORPORATE NAME | |
| Corporate name or jurisdiction name as entry element | International Monetary Fund. |
| 9 (RLIN) | 26656 |
| 830 #0 - SERIES ADDED ENTRY--UNIFORM TITLE | |
| Uniform title | Occasional paper (International Monetary Fund) ; |
| Volume number/sequential designation | 246 |
| 9 (RLIN) | 45133 |
| 906 ## - LOCAL DATA ELEMENT F, LDF (RLIN) | |
| a | 7 |
| b | cbc |
| c | copycat |
| d | 2 |
| e | ncip |
| f | 20 |
| g | y-gencatlg |
| 942 ## - ADDED ENTRY ELEMENTS (KOHA) | |
| Source of classification or shelving scheme | Library of Congress Classification |
| Koha item type | Monograph ( Printed materials) |
| Withdrawn status | Lost status | Source of classification or shelving scheme | Damaged status | Not for loan | Collection code | Home library | Current library | Shelving location | Date acquired | Total Checkouts | Full call number | Barcode | Date last seen | Price effective from | Koha item type |
|---|---|---|---|---|---|---|---|---|---|---|---|---|---|---|---|
| Library of Congress Classification | Main Collection | ARRUPE LIBRARY | ARRUPE LIBRARY | Main Collection | 07/03/2019 | HJ192.5 .E86 2006 | 46600004138 | 07/03/2019 | 07/03/2019 | Monograph ( Printed materials) |